Normal view
MARC view
Entry Personal Name
001 - CONTROL NUMBER
- control field: 37869
003 - CONTROL NUMBER IDENTIFIER
- control field: ARRUPE
005 - DATE AND TIME OF LATEST TRANSACTION
- control field: 20171201092315.0
008 - FIXED-LENGTH DATA ELEMENTS
- fixed length control field: 171201|| aca||aabn | a|a d
040 ## - CATALOGING SOURCE
- Original cataloging agency: ARRUPE
- Transcribing agency: ARRUPE
100 ## - HEADING--PERSONAL NAME
- Personal name: Bell, Judith,
- Dates associated with a name: 1930-
670 ## - SOURCE DATA FOUND
- Source citation: Work cat.: (ARRUPE)0: Bell, Judith, 1930-, Doing your research project :, 1999.